000 00823nam a2200277 i 4500
001 C2-0229127
003 PPAK
005 20180728155957.0
008 000919s1972 enka|||| ||||| | eng d
020 _a0001712713
040 _aPPAK
_beng
_cPPAK
_erda
082 0 4 _a372.4
_223
090 0 0 _a372.4
_bBER
_dK
100 1 _aBerenstain, Stan,
_eauthor
245 1 0 _aBears in the night
264 1 _aLondon :
_bHarper Collins ,
_c1972
300 _a[30 pages] :
_bcolour illustrations ;
_c23 cm
336 _2rdacontent
_atext
337 _2rdamedia
_aunmediated
338 _2rdacarrier
_avolume
490 1 _aBright and early books for beginning beginners
650 1 0 _aEnglish language - Synonyms and antonyms
700 _eauthor
830 0 _aBright and early books for beginning beginners
942 _ddc
_cB
999 _c148813
_d148813